000 01276nam a2200313 4500
003 EC-UNACH
005 20251007090703.0
006 s||||gr|||| 00| 00
008 150116t9999 mx r gr 000 0 spa d
020 _a978-958-762-054-2
040 _aEC-UNACH
_cEC-UNACH
041 _aspa
082 0 4 _223
_a323.04
_bL011174
110 _aEcoconsulta Ediciones de la U
245 _aResponsabilidad ambiental empresarial : cómo gerenciar la gestión ambiental en su empresa
250 _aPrimera edición
264 _aBogotá
_bEcoconsulta Ediciones de la U
_c2012
300 _a134 páginas
_bCuadros
505 _aCapítulo 1. ¿Cómo abordar la gerencial ambiental corporativa? -- Capítulo 2. Planeación ambiental -- Capítulo 3. La gestión cotidiana -- Capítulo 4. La cultura ambiental corporativa -- Capítulo 5. Haciendo visible el desempeño ambiental -- Capítulo 6. La gerencial ambiental empresarial en Colombia -- Conclusiones.
590 _a
650 _aEVALUACIÓN AMBIENTAL
650 _aPARTICIPACIÓN AMBIENTAL
650 _aDESEMPEÑO AMBIENTAL
700 _aQuiñónez Rizo, Edgar
942 _2ddc
_c1
999 _c13986